| 000 | 00836nam a2200217Ia 4500 | ||
|---|---|---|---|
| 001 | 16089 | ||
| 003 | GE_BSU | ||
| 008 | 181216s||||||||xx |||||||||||||| ||und|| | ||
| 040 | _cGE_BSU | ||
| 080 | _a612.015(075.8) | ||
| 100 | _aალექსიძე, ნუგზარ | ||
| 245 | _aნორმალური და პათოლოგიური ბიოქიმია მედიკოსებისათვის. ტ. 1. | ||
| 260 | _aთბილისი | ||
| 260 | _bუნივერსალი | ||
| 260 | _c2008 | ||
| 300 | _a527 გვ. : ცხრ., სურ.24 სმ. | ||
| 541 | _h13ლ.50თ. | ||
| 653 | _aნორმალური და პათოლოგიური ბიოქიმია მედიკოსებისათვის | ||
| 653 | _aქიმია | ||
| 942 | _cBK | ||
| 999 |
_c49178 _d49178 |
||